|
|
|
|
| LEADER |
00000nam0a2200000 4500 |
| 001 |
111558 |
| 005 |
20231031120918.0 |
| 010 |
|
|
|a 5699150420
|
| 035 |
|
|
|a (RuTPU)RU\TPU\book\120488
|
| 090 |
|
|
|a 111558
|
| 100 |
|
|
|a 20070316d2006 m y0rusy50 ca
|
| 101 |
0 |
|
|a rus
|
| 102 |
|
|
|a RU
|
| 105 |
|
|
|a a j 001zy
|
| 200 |
1 |
|
|a Стратегический анализ
|e учебное пособие
|f А. Н. Хорин, В. Э. Керимов
|
| 210 |
|
|
|a Москва
|c Эксмо
|d 2006
|
| 215 |
|
|
|a 288 с.
|c ил.
|
| 225 |
1 |
|
|a Высшее экономическое образование
|
| 320 |
|
|
|a Библиогр.: с. 284-286.
|
| 330 |
|
|
|a В книге изложены теоретические и практические аспекты организации стратегического анализа затрат в коммерческих организациях. Раскрыты самые современные методы и технологии стратегического анализа. Книга изобилует практическими примерами, расчетами, таблицами и схемами, что соответствует современным требованиям профессиональной подготовки кадров. Каждый рассматриваемый авторами вопрос носит не только учебный характер, но и ориентирует студентов на принятие разнообразных стратегических управленческих решений. Учебное пособие соответствует государственному стандарту высшего профессионального образования и предназначено для студентов и преподавателей экономических вузов и факультетов, а также будет полезно профессиональным бухгалтерам, аудиторам, экономистам и менеджерам.
|
| 610 |
1 |
|
|a экономика
|
| 610 |
1 |
|
|a экономический анализ
|
| 610 |
1 |
|
|a SWOT-анализ
|
| 610 |
1 |
|
|a GAP-анализ
|
| 610 |
1 |
|
|a CVP-анализ
|
| 610 |
1 |
|
|a факторный анализ
|
| 610 |
1 |
|
|a внешняя среда
|
| 610 |
1 |
|
|a макроокружение
|
| 610 |
1 |
|
|a финансы
|
| 610 |
1 |
|
|a рынок
|
| 610 |
1 |
|
|a клиенты
|
| 610 |
1 |
|
|a бизнес-процессы
|
| 610 |
1 |
|
|a стратегические показатели
|
| 610 |
1 |
|
|a принятие решений
|
| 610 |
1 |
|
|a управленческие решения
|
| 610 |
1 |
|
|a определенность
|
| 610 |
1 |
|
|a риск
|
| 610 |
1 |
|
|a неопределенность
|
| 610 |
1 |
|
|a учебные пособия
|
| 686 |
|
|
|a У053я73
|v LBC/SL-A
|2 rubbk
|
| 700 |
|
1 |
|a Хорин
|b А. Н.
|g Александр Николаевич
|
| 701 |
|
1 |
|a Керимов
|b В. Э.
|g Вагиф Эльдарович
|
| 801 |
|
1 |
|a RU
|b 63413507
|c 20070316
|g PSBO
|
| 801 |
|
2 |
|a RU
|b 63413507
|c 20150508
|g PSBO
|
| 900 |
|
|
|a Стратегический анализ
|
| 942 |
|
|
|c BK
|
| 951 |
|
|
|b 080109
|
| 955 |
|
|
|a 521600
|
| 959 |
|
|
|a 24/20070227
|d 2
|e 166,70
|f АНЛ:1
|f ЧЗГЛ:1
|